Normal view
MARC view
Entry Nombre personal
001 - NÚMERO DE CONTROL
- campo de control: 93974
003 - IDENTIFICADOR DE NÚMERO DE CONTROL
- campo de control: OSt
005 - FECHA Y HORA DE LA ÚLTIMA TRANSACCIÓN
- campo de control: 20251015185556.0
008 - ELEMENTOS DE DATO DE LONGITUD-FIJA
- campo de control de longitud fija: 070524 n acnnnaaan n bnn d
040 ## - FUENTE DE CATALOGACIÓN
- Centro catalogador/agencia de origen: OSt
- Centro/agencia transcriptor: OSt
100 1# - ENCABEZAMIENTO-NOMBRE DE PERSONA
- Nombre de persona: Primo Yúfera, Eduardo,
- Fechas asociadas al nombre: 1918-2007
400 1# - TRAZADO DE VÉASE--NOMBRE DE PERSONA
- Nombre de persona: Primo, E. (
- Fechas asociadas al nombre: 1918-2007)
400 1# - TRAZADO DE VÉASE--NOMBRE DE PERSONA
- Nombre de persona: Primo Yúfera, E. (
- Fechas asociadas al nombre: 1918-2007)
